Вычислительные сети и распределенная обработка данных: программное обеспечение, методы и архитектура: пер. с англ.
| Hlavní autor: | |
|---|---|
| Jazyk: | ruština |
| Vydáno: |
Москва, Финансы и статистика, 1985-1986
|
| Médium: | MixedMaterials Kniha |
| KOHA link: | https://koha.lib.tpu.ru/cgi-bin/koha/opac-detail.pl?biblionumber=277056 |
MARC
| LEADER | 00000nam1a2200000 4500 | ||
|---|---|---|---|
| 001 | 277056 | ||
| 005 | 20231031231322.0 | ||
| 035 | |a (RuTPU)RU\TPU\book\300329 | ||
| 090 | |a 277056 | ||
| 100 | |a 20141128d1985 m y0rusy50 ca | ||
| 101 | 0 | |a rus | |
| 102 | |a RU | ||
| 200 | 1 | |a Вычислительные сети и распределенная обработка данных: программное обеспечение, методы и архитектура |e пер. с англ. |f Дж. Мартин | |
| 210 | |a Москва |c Финансы и статистика |d 1985-1986 | ||
| 700 | 1 | |a Мартин |b Дж. |g Джеймс | |
| 801 | 1 | |a RU |b 63413507 |c 20141128 | |
| 801 | 2 | |a RU |b 63413507 |c 20151109 |g RCR | |
| 942 | |c BK | ||